00715nam a22002057a 4500999001900000005001700019010001500036020002600051035001400077037001300091082001100104100002500115245010000140260002800240270003700268300002600305500003000331942002500361952012300386 c158522d15852220181105122601.0 aENG-124433 a9788171921386c800.00 aEN-107965 bDBAD/PUB a796.01 aYawalikar, Hemant B. aThe dynamics of personality and motivational patterns amongst athletes /cby Hemant B.Yawalikar aNagpur bDattsonsc2017 aJ.N. Marg, SadarbNagpure440001 a159p.c21cm(Hb)bill. aIt includes bibliography. 2ddccENh796.01mYAW 001040718NFICaDBADbBNd2018-11-01eDBAD/PUBg800.00l0o796.01 YAWpEN-107965r2018-11-01 00:00:00t1v800.00yEN